000 00226nam a2200097Ia 4500
008 190216s9999||||xx |||||||||||||| ||und||
100 _aNull
245 0 _aHindi-Manushya Ke Roop
260 _bUniversity Of Calicut
942 _cBK
999 _c17888
_d17888